Na regióny chce Brusel viac peňazí

Rozšírená EÚ by mala zvýšiť výdavky na najchudobnejšie regióny o polovicu. Záver Európskej komisie o ekonomickej súdržnosti. Návrh môže naraziť na odpor krajín, ktoré do spoločnej pokladnice viac prispievajú, ako z nej dostávajú. Úroveň regiónov Slovenska. Najbohatšie regióny kandidátskych krajín.

Salvato in:
Dettagli Bibliografici
Autore principale: Schönwiesner, Roman
Natura: Capitolo di libro
Lingua:slovacco
Soggetti:
Tags: Aggiungi Tag
Nessun Tag, puoi essere il primo ad aggiungerne!!

MARC

LEADER 00000naa a2200000 4500
001 r047888
005 20230921114656.5
041 0 |a slo 
044 |a SK 
245 1 0 |a Na regióny chce Brusel viac peňazí  |c Roman Schönwiesner 
520 |a Rozšírená EÚ by mala zvýšiť výdavky na najchudobnejšie regióny o polovicu. Záver Európskej komisie o ekonomickej súdržnosti. Návrh môže naraziť na odpor krajín, ktoré do spoločnej pokladnice viac prispievajú, ako z nej dostávajú. Úroveň regiónov Slovenska. Najbohatšie regióny kandidátskych krajín. 
610 2 0 |a integrácia ekonomická medzinárodná 
610 2 0 |a regióny 
610 2 0 |a výdavky 
610 2 0 |a chudoba 
610 2 0 |a pomoc finančná 
610 2 0 |a Európska únia 
100 1 |a Schönwiesner, Roman